000 00506cam a22002171 4500
001 sa 68019487
003 DLC
005 20260227112718.0
008 890526s1963 ii 000 0 hino
010 _asa 68019487
035 _a(OCoLC)19770506
040 _aDLC
_cWaU
_dDLC
042 _apremarc
050 0 0 _aPK2057
_b.A37
100 1 _aAhmad, Nazir,
_d1910 April 13-
245 1 0 _aSenānī.
260 _c[1963]
300 _a8, 58 p.
_c22 cm.
500 _aIn Hindi.
650 0 _aHindi poetry.
999 _c88917
_d88917